Information Systems for Engineering and Infrastructure Asset Management

Engineering and infrastructure asset management is information intensive and utilises a variety of information systems. In theory, these systems translate asset lifecycle management plans into action and develop learnings and feedback that inform asset management strategy. This book serves as a comp...

Full description

Main Author: Haider, Abrar. (Author, http://id.loc.gov/vocabulary/relators/aut)
Corporate Author: SpringerLink (Online service)
Language:English
Published: Wiesbaden : Gabler Verlag : Imprint: Gabler Verlag, 2013.
Edition:1st ed. 2013.
Subjects:
Online Access:https://doi.org/10.1007/978-3-8349-4234-0
LEADER 02564nam a22004695i 4500
001 978-3-8349-4234-0
003 DE-He213
005 20200920020611.0
007 cr nn 008mamaa
008 121116s2013 gw | s |||| 0|eng d
020 |a 9783834942340  |9 978-3-8349-4234-0 
024 7 |a 10.1007/978-3-8349-4234-0  |2 doi 
050 4 |a HF54.5-54.56 
072 7 |a KJQ  |2 bicssc 
072 7 |a BUS083000  |2 bisacsh 
072 7 |a KJQ  |2 thema 
072 7 |a UF  |2 thema 
082 0 4 |a 650  |2 23 
082 0 4 |a 658.05  |2 23 
100 1 |a Haider, Abrar.  |e author.  |4 aut  |4 http://id.loc.gov/vocabulary/relators/aut 
245 1 0 |a Information Systems for Engineering and Infrastructure Asset Management  |h [electronic resource] /  |c by Abrar Haider. 
250 |a 1st ed. 2013. 
264 1 |a Wiesbaden :  |b Gabler Verlag :  |b Imprint: Gabler Verlag,  |c 2013. 
300 |a XIX, 298 p.  |b online resource. 
336 |a text  |b txt  |2 rdacontent 
337 |a computer  |b c  |2 rdamedia 
338 |a online resource  |b cr  |2 rdacarrier 
347 |a text file  |b PDF  |2 rda 
505 0 |a Asset Management -- Information Systems for Asset Management -- Towards a Conceptual View of Information Systems Based Asset Management Evaluation -- Information Systems Based EAM in Practice. 
520 |a Engineering and infrastructure asset management is information intensive and utilises a variety of information systems. In theory, these systems translate asset lifecycle management plans into action and develop learnings and feedback that inform asset management strategy. This book serves as a comprehensive resource for asset managers to align information systems with strategic asset management information needs; provide integration of asset lifecycle processes to enable an integrated asset lifecycle management paradigm; and evaluate, control, and manage information system based asset lifecycle management. It assists asset managers in better planning, execution, control, and management of asset lifecycle. 
650 0 |a Information technology. 
650 0 |a Business—Data processing. 
650 1 4 |a IT in Business.  |0 https://scigraph.springernature.com/ontologies/product-market-codes/522000 
710 2 |a SpringerLink (Online service) 
773 0 |t Springer Nature eBook 
776 0 8 |i Printed edition:  |z 9783834942333 
776 0 8 |i Printed edition:  |z 9783834942357 
856 4 0 |u https://doi.org/10.1007/978-3-8349-4234-0 
912 |a ZDB-2-SBE 
912 |a ZDB-2-SXBM 
950 |a Business and Economics (SpringerNature-11643) 
950 |a Business and Management (R0) (SpringerNature-43719)